00776nam a22001937a 4500008004100000020001800041040007300059041000800132100003500140245009100175260006500266300004200331490004200373650003200415650003500447650003200482700004000514765002800554130821s2011 mx a gr spa  a9786071604590 aCO-BoUCMbspacAngélica Chartano (modificó)dAldemar Mondragón00aspa1 aKasparavicius, Kestutisd1954-00aZanaforius el grandecKestutis Kasparavicius ; traducción de Margarita Santos Cuesta aMéxico D.F. (México)bFondo de Cultura de Méxicoc2011 a[62] páginasbilustraciones a color0 aLos Especiales A la Orilla del Viento 7aCuentos infantiles lituanos 7aLibros ilustrados para niños 7aLiteratura infantil lituana1 aSantos Cuesta, Margaritaetraductor tKiškis Morkus didysis